000 00969nam a2200289 i 4500
001 000044173
003 DO-SdBNP
005 20260130134619.0
007 ta
008 140603s2006 dr ac 000 0 spa d
040 _aDO-SdBNP
_bspa
_cBNPHU
_erda
041 _aspa
082 4 _axxx
_bxxx
_222
100 1 _aPrestinary, Carmen H.,
_eautor
_4aut.
_911034
245 1 0 _aFrancia en la isla de Santo Domingo /
_cCarmen H. Prestinary
250 _aPrimera edición
264 1 _aSanto Domingo :
_bComisión Permanente de Efemérides Patrias :
_bFundación de Estudios Económicos y Políticos,
_c2006.
300 _a180 páginas ;
_c23 cm.
336 _atexto
_btxt
_2rdacontent
337 _asin mediación
_bn
_2rdamedia
338 _avolumen
_bnc
_2rdacarrier
490 1 _aDocumentos de la República
500 _aIncluye referencias bibliográficas y notas al pie de las páginas
590 _aInventariado, 2023/BT
910 _aBtavárez
942 _2ddc
_cLBS1
999 _c55019
_d55019